| 000 | 00792nam a2200277 a 4500 | ||
|---|---|---|---|
| 003 | AR-BaBNM | ||
| 005 | 20251128205004.0 | ||
| 008 | 082120s2002 ||||||||||||||000 | spa|| | ||
| 020 | _a950-25-3102-6 | ||
| 040 | _cAR-BaBNM | ||
| 100 | 1 | _aMaupassant, Guy de | |
| 245 | 0 | 0 |
_aHorla, el vampiro invisible ; _b¿Quién sabe? |
| 260 |
_aBuenos Aires _bCentro Editor de América Latina _c1993 |
||
| 300 |
_a58 p. _bil. |
||
| 490 | 0 |
_aSerie de la cuerda roja _vv. 2 |
|
| 650 | 4 | _aLITERATURA INFANTIL | |
| 650 | 4 | _aSIGLO DIECINUEVE | |
| 653 | _aCUENTOS DE MONSTRUOS | ||
| 655 | _aLITERATURA | ||
| 700 | 1 |
_aSaltzmann, Julia _etraductor |
|
| 700 | 1 |
_aGandolfo, Elvio E. _etraductor |
|
| 700 | 0 |
_aIstvan _eilustrador |
|
| 800 | 1 |
_aMontes, Graciela _edirector |
|
| 942 | _cBK | ||
| 998 | _cLAURA | ||
| 999 |
_c9597 _d9597 |
||